Một số luật của Nhật Bản về đạo đức công chúng chống tham nhũng : Sách tham khảo

Giới thiệu quy tắc phục vụ của công chức Chính phủ, khái quát về Luật Đạo đức Công chức toàn quốc, luật Công chức Nhà nước, đạo luật ngăn ngừa cạnh tranh không lành mạnh.

Tallennettuna:
Bibliografiset tiedot
Aineistotyyppi: Kirja
Kieli:Undetermined
Julkaistu: Hà Nội Chính trị Quốc gia 2010
Aiheet:
Tagit: Lisää tagi
Ei tageja, Lisää ensimmäinen tagi!
Thư viện lưu trữ: Trung tâm Học liệu Trường Đại học Cần Thơ
LEADER 00910nam a2200205Ia 4500
001 CTU_173889
008 210402s9999 xx 000 0 und d
020 |c 24000 
082 |a 349.52 
082 |b M458 
245 0 |a Một số luật của Nhật Bản về đạo đức công chúng chống tham nhũng : 
245 0 |b Sách tham khảo 
260 |a Hà Nội 
260 |b Chính trị Quốc gia 
260 |c 2010 
520 |a Giới thiệu quy tắc phục vụ của công chức Chính phủ, khái quát về Luật Đạo đức Công chức toàn quốc, luật Công chức Nhà nước, đạo luật ngăn ngừa cạnh tranh không lành mạnh. 
650 |a Law,Pháp luật 
650 |z Japan,Nhật Bản 
904 |i Nguyễn Trung Hiếu,Hải 
980 |a Trung tâm Học liệu Trường Đại học Cần Thơ